000 00395nam a2200133Ia 4500
008 191206s9999 xx 000 0 und d
020 _a908307284
090 _aBL41C65
245 0 _aExpressing the Sacred: An introduction to the phenomenology of religion
260 _aUniversity of Zimbabwe Publications
260 _cc1992
300 _a"xi, 172 p. : ill. ; 21 cm."
999 _c15941
_d15941